Ingobernabilidad: estados colapsados, una amenaza en ciernes /

El artículo problematiza las categorías de seguridad nacional y regional ante la amenazas tales como el narcotráfico y las maras. El autor argumenta que existe acuerdo mayoritario en torno de la preservación de la democracia, la debilidad del Estado es una condición de inseguridad quelo afecta a él...

全面介紹

Guardado en:
書目詳細資料
主要作者: Rojas Aravena, Francisco
格式: Texto
主題:
標簽: 添加標簽
沒有標簽, 成為第一個標記此記錄!

MARC

LEADER 00000 a a2200000 04500
001 10776
003
040
100 |a Rojas Aravena, Francisco  
245 |a Ingobernabilidad:   |b estados colapsados, una amenaza en ciernes /  |c Francisco Rojas Aravena 
500 |a Resumen también en inglés en páginas 164  
520 |a El artículo problematiza las categorías de seguridad nacional y regional ante la amenazas tales como el narcotráfico y las maras. El autor argumenta que existe acuerdo mayoritario en torno de la preservación de la democracia, la debilidad del Estado es una condición de inseguridad quelo afecta a él mismo como a su población  
650 |a SEGURIDAD  
650 |a ESTADO  
650 |a DELINCUENCIA  
650 |a CRIMEN ORGANIZADO  
650 |a CORRUPCION  
650 |a HOMICIDIO  
773 |g número 198; páginas 56-73  
999 |c 20984  |d 20984 
773 0 |0 19022  |9 7715  |a Fundación Friedrich Ebert  |d Fundación Friedrich Ebert; Nueva Sociedad Buenos Aires, Argentina  |o 22875  |t Nueva Sociedad /